| 000 | 00991cab a2200265 4500 | ||
|---|---|---|---|
| 001 | ABS58030 | ||
| 008 | 090401t1997 xxu||||| |||| 00| 0 eng d | ||
| 035 | _a(Sirsi) u82933 | ||
| 041 | _aeng | ||
| 100 | _aMitchell, P. | ||
| 245 | _aIssues in the development and application of property market forecasting: the investor`s perspective | ||
| 260 | _c1997 | ||
| 350 | _a0 | ||
| 490 |
_aJournal of Property Finance _v8(4) 1997, 363-376(14) |
||
| 520 | _aReviews how major UK institutional investors use forecasts of rental growth. Critique of the methods used to attain such forecasts, explaining some of the causes for substantial errors by suppliers. References. | ||
| 650 | _aERRORS | ||
| 650 | _aFORECASTING | ||
| 650 | _aINSTITUTIONAL INVESTMENT | ||
| 650 | _aPORTFOLIO MANAGEMENT | ||
| 650 | _aRENTAL GROWTH FORECASTS | ||
| 690 | _aPROPERTY-COMMERCIAL PROPERTY-COMMERCIAL PROPERTY FINANCE AND INVESTMENT | ||
| 700 | _aMcNamara, P. | ||
| 942 | _n0 | ||
| 948 | _c05/01/1998 | ||
| 999 |
_c52387 _d52387 |
||